Stati attraversati dal Danubio - Statistics

Statistiche generali
  • Questo quiz è stato fatto 58 volte
  • Il punteggio medio è 7 su 10
Statistiche sulle risposte
Stato % Corretto
Ungheria
100%
Germania
95%
Austria
86%
Romania
78%
Serbia
78%
Slovacchia
76%
Bulgaria
70%
Croazia
62%
Ucraina
54%
Moldavia
38%
Nessun quiz corrispondente trovato
Distribuzione punteggi
Percentuale di utenti per punteggio
Percentile per numero di risposta
I tuoi punteggi nel tempo
Non hai fatto questo quiz